000 004690000a22001930004500
003 LK-CoMWRAF
005 20230904205704.0
008 230817t2001 ||||| |||| 00| 0 eng d
020 _a9559572636
040 _aLK-CoMWRAF
_dLK-CoMWRAF
_eLK-CoMWRAF
041 _aeng
082 _a821
_bRAN
100 _aRanaweera, Eva
245 _aEnding with the beginning
260 _bRagama :
_aEva Ranaweera,
_c2001
300 _a73p
650 _aEnglish poetry
942 _cBK
999 _c735
_d735